000 00719cab a2200205 4500
001 X93281
008 090401t1998 xxu||||| |||| 00| 0 eng d
035 _a(Sirsi) u87847
041 _aeng
245 _aAlfred McAlpine plc v BAI (Run-Off) Ltd
260 _c1998
350 _a0
490 _aConstruction Industry Law Letter
_v1998 CILL 1405-1407
520 _aQBD 5 May 1998. Whether notice of a claim was a condition precedent to recovery under an insurance policy. Whether failure to give notice of a claim was a repudiatory breach of contract. NB NO PHOTOCOPYIN ALLOWED.
650 _aCONDITION PRECEDENTS
650 _aLIABILITY
690 _aINSURANCE-CASE LAW
942 _n0
948 _c05/08/1998
999 _c55446
_d55446